<?xml version="1.0" encoding="UTF-8"?>
<marc:record xmlns:marc="http://www.loc.gov/MARC21/slim">
   <marc:leader>00000nam a2200000 a 4500</marc:leader>
   <marc:datafield ind1="1" ind2=" " tag="100">
      <marc:subfield code="a">Kiesel, Anna Lisa</marc:subfield>
      <marc:subfield code="4">aut</marc:subfield>
      <marc:subfield code="e">Verfasser/-in</marc:subfield>
   </marc:datafield>
   <marc:datafield ind1=" " ind2=" " tag="653">
      <marc:subfield code="a">Marienkäfer</marc:subfield>
   </marc:datafield>
   <marc:datafield ind1=" " ind2=" " tag="653">
      <marc:subfield code="a">Hotel</marc:subfield>
   </marc:datafield>
   <marc:datafield ind1=" " ind2=" " tag="653">
      <marc:subfield code="a">Bienen</marc:subfield>
   </marc:datafield>
   <marc:datafield ind1=" " ind2=" " tag="653">
      <marc:subfield code="a">Schnecken</marc:subfield>
   </marc:datafield>
   <marc:datafield ind1=" " ind2=" " tag="653">
      <marc:subfield code="a">Garten</marc:subfield>
   </marc:datafield>
   <marc:datafield ind1=" " ind2=" " tag="653">
      <marc:subfield code="a">Bilderbuch</marc:subfield>
   </marc:datafield>
   <marc:datafield ind1=" " ind2=" " tag="653">
      <marc:subfield code="a">Bilderbücher</marc:subfield>
   </marc:datafield>
   <marc:datafield ind1="0" ind2="0" tag="245">
      <marc:subfield code="a">Hotel Summ Summ</marc:subfield>
   </marc:datafield>
   <marc:datafield ind1="0" ind2="0" tag="245">
      <marc:subfield code="c">Kiesel, Anna Lisa</marc:subfield>
   </marc:datafield>
   <marc:datafield ind1=" " ind2="1" tag="264">
      <marc:subfield code="a">Köln</marc:subfield>
      <marc:subfield code="b">Bastei Lübbe AG</marc:subfield>
      <marc:subfield code="c">2022</marc:subfield>
   </marc:datafield>
   <marc:datafield ind1=" " ind2=" " tag="250">
      <marc:subfield code="a">Originalausgabe</marc:subfield>
   </marc:datafield>
   <marc:datafield ind1="1" ind2=" " tag="520">
      <marc:subfield code="a">Herzlich willkommen im Insektenhotel Summ Summ!&#xD;
&#xD;
Hier lernen Kinder spielerisch, wie wichtig Insekten für die Natur sind!&#xD;
&#xD;
Als das Marienkäfermädchen Pünktchen aufwacht, sind alle Insekten im Garten bereits in heller Aufregung. Sie haben ein seltsames Gebilde gefunden, was das wohl ist? Der Hirschkäfer Kneifzang weiß es sofort: ein Insektenhotel! Und er möchte der Direktor sein! Pünktchen findet die Idee toll und will sich um die Gäste kümmern. Gemeinsam mit ihrem Freund, dem Tausendfüßler Wusel, bringen sie die Zimmer auf Vordermann und verschicken eifrig Einladungen. Bald schon kreucht und fleucht es im Hotel, und die drei haben alle Hände und Zangen voll zu tun!&#xD;
&#xD;
Tolle Extras: mit vielen Sachinformationen und einer Bastelanleitung für ein eigenes Insektenhotel&#xD;
&#xD;
Liebevoll in Szene gesetzt von der Bestseller-Illustratorin Daniela Kunkel&#xD;
&#xD;
Die Bilder sind sehr detailliert und laden zum Entdecken und Verweilen ein&#xD;
&#xD;
Wichtig wie nie zuvor: der Schutz der Insekten und unserer Natur!</marc:subfield>
   </marc:datafield>
   <marc:datafield ind1=" " ind2=" " tag="020">
      <marc:subfield code="a">9783833906961</marc:subfield>
      <marc:subfield code="9">9783833906961</marc:subfield>
   </marc:datafield>
   <marc:datafield ind1=" " ind2=" " tag="020">
      <marc:subfield code="a">3833906960</marc:subfield>
      <marc:subfield code="9">3833906960</marc:subfield>
   </marc:datafield>
   <marc:datafield ind1=" " ind2=" " tag="041">
      <marc:subfield code="a">ger</marc:subfield>
   </marc:datafield>
   <marc:datafield ind1="1" ind2=" " tag="521">
      <marc:subfield code="a">Vorschulkind</marc:subfield>
   </marc:datafield>
   <marc:datafield ind1=" " ind2=" " tag="338">
      <marc:subfield code="a">Band</marc:subfield>
   </marc:datafield>
   <marc:datafield ind1=" " ind2=" " tag="300">
      <marc:subfield code="a">26 ungezählte Seiten</marc:subfield>
   </marc:datafield>
</marc:record>
